000 01173nam a2200349 a 4500
001 000036055
003 DO-SdBNP
005 20230721091202.0
007 000036055
008 111125s2006 dr a 000 0 spa d
020 _a9945405551
040 _aBPMSU
_bspa
_cBPMSU
082 4 _a782.2793
_bP971n 2006
_2 22
100 1 _aPrud' homme, Emilio
_d1856-1932
245 1 0 _a Nuestro himno nacional /
_cEmilio Prudhomme, José Reyes ; edición Tomás Castro Burdiez ; ilustraciones Ohanda Coste
250 _a2a ed.
260 _aSanto Domingo :
_bFundación Educarte
_c2006
300 _a[24] p. :
_bils., ;
_c29 cm.
490 0 _aInfantil Educarte,
_v4
590 _6Inventariado, 2023/VM
600 1 4 _aReyes, José Reyes
_d1835-1905
600 1 4 _aPrudhomme , Emilio
_d1856-1932
650 4 _aHimno patriótico dominicano
650 4 _aNacionalismo en la música
650 4 _alibros ilustrados infantiles
650 4 _aHimnos patrióticos
_zRepública Dominicana
700 1 _4Reyes, José
_eautor
700 1 _4Coste, Ohanda
_eils.
700 _4Castro Burdiez, Tomás
_eed.
910 _aVMateo V. Control de calidad. BPMSU
942 _2ddc
_cBK
999 _c7375
_d7375